Catalog

Record Details

Catalog Search



Available copies

  • 3 of 3 copies available at LARL/NWRL Consortium.
  • 2 of 2 copies available at Northwest Regional Library. (Show)

Current holds

0 current holds with 3 total copies.

Show Only Available Copies
Location Call Number / Copy Notes Barcode Shelving Location Status Due Date
Godel Memorial-Warren Library OKE (Text) 35500002892881 Main Available -
Hallock Public Library OKE (Text) 35500002920690 Main Available -
Crookston Public Library C OKE (Text) 33500012392197 Main Available -

Record details

  • ISBN: 9780764224010
  • ISBN: 0764224018
  • ISBN: 076422400X (pbk.)
  • ISBN: 1581651570 (pbk.)
  • ISBN: 9780764200632 (pbk.)
  • ISBN: 0764200631 (pbk.)
  • Physical Description: 253 p. ; 22 cm.
  • Publisher: Minneapolis, Minn. : Bethany House Publishers, c2000.

Content descriptions

Summary, etc.:
"A novel of two entwined love stories set in the ... Read More
Subject: Royal Canadian Mounted Police > Fiction.
Brothers and sisters > Fiction.
Edmonton (Alta.) > Fiction.
Police > Canada > Fiction.
Genre: Historical fiction.
Christian fiction.
LDR 01551cam a2200385Ia 4500
00130112
003LARL_NWRL_CONSORTIUM
00520230620193808.0
008000502s2000 mnu 000 1 eng
0200 . ‡a9780764224010 ‡q(hardback)
020 . ‡a0764224018 ‡q(hardback)
020 . ‡a076422400X (pbk.)
020 . ‡a1581651570 (pbk.)
020 . ‡a9780764200632 (pbk.)
020 . ‡a0764200631 (pbk.)
035 . ‡a(OCoLC)44013914
08200. ‡a813/.54 ‡221
099 . ‡aOke
1001 . ‡aOke, Janette, ‡d1935- ‡0(LARL_NWRL_CONSORTIUM)2752
24510. ‡aBeyond the gathering storm / ‡cby Janette Oke.
260 . ‡aMinneapolis, Minn. : ‡bBethany House Publishers, ‡cc2000.
300 . ‡a253 p. ; ‡c22 cm.
4900 . ‡aCanadian West ; ‡v5
520 . ‡a"A novel of two entwined love stories set in the majestic Canadian West. A brother and sister, siblings by more than blood, risk broken hearts"--Provided by publisher.
61020. ‡aRoyal Canadian Mounted Police ‡vFiction.
650 0. ‡aBrothers and sisters ‡vFiction. ‡0(LARL_NWRL_CONSORTIUM)163634
651 0. ‡aEdmonton (Alta.) ‡vFiction.
650 0. ‡aPolice ‡zCanada ‡vFiction. ‡0(LARL_NWRL_CONSORTIUM)174175
655 7. ‡aHistorical fiction. ‡2gsafd
655 0. ‡aChristian fiction.
901 . ‡a30112 ‡bOCLC ‡c30112 ‡tbiblio

Additional Resources